Districts of Madagascar with a Map - Statistics

General Stats
  • This quiz has been taken 19 times
  • The average score is 8 of 114
Answers on the Map
Answers color-coded by a green-red scale on the quiz's map according to % correct below.
 
Answer Stats
Region Answer % Correct
Haute Matsiatra Fianarantsoa 1
27%
Atsinanana Toamasina 1
27%
Atsinanana Toamasina 2
27%
Alaotra-Mangoro Ambatondrazaka
18%
Alaotra-Mangoro Andilamena
18%
Analamanga Antananarivo Atsimondrano
18%
Analamanga Antananarivo Avaradrano
18%
Vakinankaratra Antsirabe 1
18%
Vakinankaratra Antsirabe 2
18%
Diana Antsiranana 1
18%
Diana Antsiranana 2
18%
Sofia Antsohihy
18%
Vakinankaratra Betafo
18%
Vakinankaratra Faratsiho
18%
Haute Matsiatra Ikalamavony
18%
Boeny Mahajanga 1
18%
Boeny Mahajanga 2
18%
Diana Nosy Be
18%
Haute Matsiatra Ambalavao
9%
Boeny Ambato-Boeni
9%
Amoron'i Mania Ambatofinandrahana
9%
Vakinankaratra Ambatolampy
9%
Haute Matsiatra Ambohimahasoa
9%
Amoron'i Mania Ambositra
9%
Alaotra-Mangoro Amparafaravola
9%
Sofia Analalava
9%
Analamanga Anjozorobe
9%
Atsimo-Andrefana Ankazoabo
9%
Analamanga Ankazobe
9%
Alaotra-Mangoro Anosibe An'ala
9%
Analamanga Antananarivo Renivohitra
9%
Vakinankaratra Antanifotsy
9%
Sofia Bealanana
9%
Androy Bekily
9%
Androy Beloha
9%
Atsimo-Andrefana Benenitra
9%
Atsimo-Andrefana Beroroha
9%
Melaky Besalampy
9%
Anosy Betroka
9%
Amoron'i Mania Fandriana
9%
Ihorombe Ihosy
9%
Betsiboka Kandreho
9%
Betsiboka Maevatanana
9%
Menabe Mahabo
9%
Sofia Mampikony
9%
Vatovavy-Fitovinany Manakara
9%
Vatovavy-Fitovinany Mananjary
9%
Vakinankaratra Mandoto
9%
Sofia Mandritsara
9%
Menabe Manja
9%
Boeny Marovoay
9%
Menabe Miandrivazo
9%
Itasy Miarinarivo
9%
Boeny Mitsinjo
9%
Alaotra-Mangoro Moramanga
9%
Atsimo-Andrefana Morombe
9%
Menabe Morondava
9%
Vatovavy-Fitovinany Nosy Varika
9%
Atsimo-Andrefana Sakaraha
9%
Boeny Soalala
9%
Analanjirofo Soanierana Ivongo
9%
Itasy Soavinandriana
9%
Atsimo-Andrefana Toliara 1
9%
Atsimo-Andrefana Toliara 2
9%
Betsiboka Tsaratanana
9%
Bongolava Tsiroanomandidy
9%
Atsimo-Atsinanana Vangaindrano
9%
Atsinanana Vatomandry
9%
Atsinanana Vohibinany
9%
Vatovavy-Fitovinany Vohipeno
9%
Diana Ambanja
0%
Melaky Ambatomainty
0%
Diana Ambilobe
0%
Anosy Amboasary Atsimo
0%
Analamanga Ambohidratrimo
0%
Androy Ambovombe-Androy
0%
Atsimo-Andrefana Ampanihy Ouest
0%
Sava Andapa
0%
Analamanga Andramasina
0%
Sava Antalaha
0%
Atsinanana Antanambao Manampontsy
0%
Melaky Antsalova
0%
Itasy Arivonimamo
0%
Sofia Befandriana Avaratra
0%
Atsimo-Atsinanana Befotaka
0%
Menabe Belo sur Tsiribihina
0%
Atsimo-Andrefana Betioky Atsimo
0%
Sofia Boriziny-Vaovao
0%
Atsimo-Atsinanana Farafangana
0%
Analanjirofo Fenoarivo Atsinanana
0%
Bongolava Fenoarivobe
0%
Ihorombe Iakora
0%
Vatovavy-Fitovinany Ifanadiana
0%
Vatovavy-Fitovinany Ikongo
0%
Haute Matsiatra Isandra
0%
Ihorombe Ivohibe
0%
Haute Matsiatra Lalangina
0%
Atsinanana Mahanaro
0%
Melaky Maintirano
0%
Analanjirofo Mananara Avaratra
0%
Amoron'i Mania Manandriana
0%
Analamanga Manjakadriana
0%
Analanjirofo Maroantsetra
0%
Atsinanana Marolambo
0%
Atsimo-Atsinanana Midongy
0%
Melaky Morafenobe
0%
Analanjirofo Nosy Boraha
0%
Sava Sambava
0%
Anosy Taolanaro
0%
Androy Tsihombe
0%
Analanjirofo Vavatenina
0%
Sava Vohemar
0%
Haute Matsiatra Vohibato
0%
Atsimo-Atsinanana Vondrozo
0%
No matching quizzes found
Score Distribution
Percent of People with Each Score
Percentile by Number Answered
Your Score History
You have not taken this quiz